| 000 | 00747cam a2200217 4500 | ||
|---|---|---|---|
| 001 | ABS66758 | ||
| 008 | 030703n2003 000 0 eng u | ||
| 035 | _a(Sirsi) u122914 | ||
| 100 | _aKnowles, R. | ||
| 245 | _aIs the ECC contract working as expected? | ||
| 260 | _c2003 | ||
| 490 |
_aCost Engineer _v41(3) May 2003, 11(1) |
||
| 520 | _aConsiders the pros and cons of the Engineering and Construction Contract compared with other standard forms of contracts. | ||
| 590 | _aABS | ||
| 650 | _aBUILT ENVIRONMENT-BUILDING CONTRACT FORMS | ||
| 650 | _aENGINEERING CONTRACTS | ||
| 650 | _aSTANDARD FORMS OF CONTRACT | ||
| 650 | _aENGINEERING AND CONSTRUCTION CONTRACT | ||
| 690 | _aBUILT ENVIRONMENT-BUILDING CONTRACT FORMS | ||
| 942 | _n0 | ||
| 999 |
_c72995 _d72995 |
||